000 00421nam a2200157 4500
003 SEACOMEC
005 20250311131826.0
008 250311b |||||||| |||| 00| 0 eng d
020 _a978-0120598762
_c795.00
040 _aSEACOMEC
082 _a530.5
_bA685
245 _aMathematical Methods for Physicists, /
_c George B. Arfken & Hans J. Weber
250 _a6th ed
260 _aUP:
_bElsevier,
_c2005
942 _cBOOK
999 _c2072
_d2072